| 000 | 00621nam a22002057a 4500 | ||
|---|---|---|---|
| 999 |
_c171052 _d171052 |
||
| 005 | 20200104172217.0 | ||
| 010 | _aB-227389 | ||
| 020 |
_c210.00 _a818094011 |
||
| 035 | _aB-227349 | ||
| 037 | _bCen Lib/Ret | ||
| 082 |
_a573.4 _bLOH |
||
| 100 | _aLohar, Prakash S | ||
| 245 |
_aEndocrinology : _cby Prakash S Lohar _bhormones and human health / |
||
| 260 |
_aChennai _bMJP Publishers _c2005 |
||
| 270 |
_a47, Nallatahmbi Street Triplicane _bChennai _e600 005 |
||
| 300 |
_axx,305p. : _c20cm(Hb) _bill. |
||
| 650 | _aHormones. | ||
| 650 | _aMachanism hormones action | ||
| 942 |
_2ddc _cEN _h573.4 _mLOH |
||